000 02638cam a2200589 i 4500
001 xx004710482
003 NUKAT
005 20260409113119.0
008 190930s2019 pl a g |001 0 pol c
020 _a9788380986930
_q(oprawa twarda) :
_czł 40,00
035 _a(OCoLC)1121429817
035 _a(NUKAT)xx004710482
040 _aKAT U/MB
_bpol
_erda
_cKAT U/MBs
_dKAT U/DB
_dWR O/IS
_dOLSZT 008/bak
045 2 _bd1918
_bd1945
046 _k2019
245 0 0 _aNie zabijaj :
_bnacjonalizm i ludobójstwo na Kresach wobec Kościoła, etyki chrześcijańskiej i zasad humanizmu /
_cwstęp i redakcja naukowa Włodzimierz Osadczy, Adam Kulczycki ; Instytut Pamięci Narodowej Komisja Ścigania Zbrodni przeciwko Narodowi Polskiemu. Oddział w Lublinie.
260 _aWarszawa ;
_aLublin :
_bInstytut Pamięci Narodowej Komisja Ścigania Zbrodni przeciwko Narodowi Polskiemu. Oddział,
_c2019.
300 _a415 stron :
_bilustracje kolorowe ;
_c25 cm.
336 _aTekst
_btxt
_2rdacontent
337 _aBez urządzenia pośredniczącego
_bn
_2rdamedia
338 _aWolumin
_bnc
_2rdacarrier
380 _aKsiążki
380 _aPublikacje naukowe
388 1 _a2001-
504 _aIndeksy.
610 2 7 _aKościół katolicki
_2DBN
_937102
610 2 7 _aOrganizacja Ukraińskich Nacjonalistów (OUN)
_2DBN
_939736
610 2 7 _aUkraińska Powstańcza Armia (UPA)
_2DBN
_939224
648 7 _a1901-2000
_2DBN
_934996
648 7 _a1918-1939
_2DBN
_936041
648 7 _a1939-1945
_2DBN
_936042
650 7 _aEtyka chrześcijańska
_2DBN
_936224
650 7 _aHumanizm (prąd)
_2DBN
_939737
650 7 _aKościoły greckokatolickie
_2DBN
_939738
650 7 _aNacjonalizm
_2DBN
_939739
650 7 _aZbrodnia wołyńska (1943-1944)
_2DBN
_937222
650 7 _aNacjonalizm
_zUkraina
_y1900-1945.
_2kaba
_939740
650 7 _aLudobójstwo
_zUkraina
_y1900-1945.
_2kaba
_939741
650 7 _aLudobójstwo
_zKresy Wschodnie.
_2kaba
_939742
650 7 _aChrześcijaństwo i polityka
_y1900-1945.
_2kaba
_939743
651 7 _aKresy wschodnie Rzeczypospolitej
_2DBN
_936023
651 7 _aUkraina
_2DBN
_937199
655 7 _aPraca zbiorowa
_2DBN
_935107
658 _aFilozofia i etyka
658 _aHistoria
658 _aReligia i duchowość
700 1 _aKulczycki, Adam
_c(nauki polityczne).
_eWstęp
_eRedakcja
_939734
700 1 _aOsadczy, Włodzimierz
_d(1969- ).
_eWstęp
_eRedakcja
_939735
710 2 _aInstytut Pamięci Narodowej - Komisja Ścigania Zbrodni przeciwko Narodowi Polskiemu.
_bOddział (Lublin).
_eInstytucja sprawcza
_eWydawca
_4pbl
_914495
920 _a978-83-8098-693-0 (oprawa twarda) : zł 40,00
942 _2ddc
_cBK_NM
999 _c27495
_d27495